Hazbin Hotel - Out For Love Lyrics - Statistics

General Stats
  • This quiz has been taken 57 times
  • The average score is 121 of 174
Answer Stats
Hint Answer % Correct
You
100%
you
100%
for
95%
Carmilla: I
95%
love
95%
Love
95%
out
95%
Out
95%
your
92%
Your
92%
a
89%
see
84%
Vaggie
84%
blood
82%
of
79%
the
79%
you're
79%
You're
79%
But
76%
know
74%
step
74%
driven
71%
every
71%
is
71%
motivation
71%
need
71%
only
71%
with
71%
by
68%
can
68%
or
68%
this
68%
who
68%
chance
66%
handle
66%
if
66%
that
66%
That
66%
there's
66%
Think
66%
type
66%
be
63%
care
63%
detestation
63%
fight
63%
no
63%
Protect
63%
way
63%
about
61%
different
61%
and
58%
stand
58%
thirstin'
58%
to
58%
vengence
58%
you'll
58%
animus
53%
gonna
50%
without
50%
fear
47%
Fuel
45%
losing
45%
stoked
45%
yourself
45%
as
42%
'em
42%
live
42%
reason
42%
Harness
39%
heart
39%
long
39%
who's
39%
all
37%
can't
37%
give
37%
somebody
37%
gloves
34%
when
32%
help
29%
push
26%
choosin'
24%
comes
21%
shove
21%
above
18%
just
18%
might
18%
rise
18%
Yeah
16%
No matching quizzes found
Score Distribution
Percent of People with Each Score
Percentile by Number Answered
Your Score History
You have not taken this quiz